| 000 | 00000nam##2200000za#4500 |
| 001 | 9.567637 |
| 003 | CaOODSP |
| 005 | 20210624180854 |
| 007 | cr ||||||||||| |
| 008 | 150406|1998||||xxc|||||o f|0| 0 eng|d |
| 040 | |aCaOODSP|beng |
| 043 | |an-cn--- |
| 086 | 1 |aBT31-2/1999-III-28E-PDF |
| 110 | 1 |aCanada. |bTreasury Board. |
| 245 | 10|aCanada Labour Relations Board, 1998-99 estimates, report on plans and priorities |h[electronic resource] |
| 260 | |bTreasury Board of Canada Secretariat |c[1998]. |
| 300 | |a21p.|borganization chart, tables, index |
| 490 | 1 |a1998-99 estimates. Part III, Report on plans and priorities |v1998-99 |
| 590 | |a10-09-Supp|b2010-11-02 |
| 775 | 08|tConseil canadien des relations du travail, budget des dépenses 1998-1999, rapport sur les plans et les priorités |w(CaOODSP)9.598967 |
| 776 | 0#|tCanada Labour Relations Board |w(CaOODSP)9.530312 |
| 776 | 0#|tConseil canadien des relations du travail |w(CaOODSP)9.530313 |
| 830 | #0|a1998-99 estimates. Part III, Report on plans and priorities ;|v1998-99|w(CaOODSP)9.505714 |
| 856 | 40|ahttp://publications.gc.ca|qPDF|s65 KB|uhttps://publications.gc.ca/collections/Collection/BT31-2-1999-III-28E.pdf|y1998-99 |